MARC details
| 000 -CABECERA |
| campo de control de longitud fija |
05311nam a2200361 a 4500 |
| 003 - IDENTIFICADOR DEL NÚMERO DE CONTROL |
| campo de control |
CHAP |
| 005 - FECHA Y HORA DE LA ÚLTIMA TRANSACCIÓN |
| campo de control |
20250707172804.0 |
| 007 - CAMPO FIJO DE DESCRIPCIÓN FÍSICA--INFORMACIÓN GENERAL |
| campo de control de longitud fija |
ta |
| 008 - DATOS DE LONGITUD FIJA--INFORMACIÓN GENERAL |
| campo de control de longitud fija |
250112s2023 mx ado|fom||| 001 0 spa d |
| 040 ## - FUENTE DE LA CATALOGACIÓN |
| Normas de descripción |
rda |
| 041 ## - CÓDIGO DE LENGUA |
| Código de lengua del texto/banda sonora o título independiente |
spa |
| Código de lengua del sumario o resumen |
eng |
| 100 1# - ENTRADA PRINCIPAL--NOMBRE DE PERSONA |
| Nombre de persona |
Ortiz Trapala, Karla |
| 9 (RLIN) |
189832 |
| 240 10 - TÍTULO UNIFORME |
| Título uniforme |
Metagenomic and peptidomic characterization of milk fermented whith kefir grains. |
| Lenguaje de la obra |
Español |
| 245 10 - MENCIÓN DE TÍTULO |
| Título |
Caracterización metagenómica y peptidómica de leche fermentada con granos de kefir / |
| Mención de responsabilidad, etc. |
Karla Ortiz Trapala |
| 264 ## - PRODUCCIÓN, PUBLICACIÓN, DISTRIBUCIÓN, FABRICACIÓN Y COPYRIGHT |
| Producción, publicación, distribución, fabricación y copyright |
Chapingo, México : |
| Nombre del de productor, editor, distribuidor, fabricante |
El autor, |
| Fecha de producción, publicación, distribución, fabricación o copyright |
2023 |
| 300 ## - DESCRIPCIÓN FÍSICA |
| Extensión |
1 recurso en línea (xiv, 85 páginas) : |
| Otras características físicas |
ilustraciones, tablas, gráficas, fotografías |
| 336 ## - TIPO DE CONTENIDO |
| Fuente |
rdacontent |
| Término de tipo de contenido |
texto |
| Código de tipo de contenido |
txt |
| 337 ## - TIPO DE MEDIO |
| Fuente |
rdamedia |
| Nombre/término del tipo de medio |
computadora |
| Código del tipo de medio |
c |
| 338 ## - TIPO DE SOPORTE |
| Fuente |
rdacarrier |
| Nombre/término del tipo de soporte |
recurso en línea |
| Código del tipo de soporte |
cr |
| 502 ## - NOTA DE TESIS |
| Nota de tesis |
Tesis |
| Tipo de título |
(Maestro en Ciencia y Tecnología Agroalimentaria) -- |
| Nombre de la institución que otorga el título |
Departamento de Ingeniería Agroindustrial, |
| Año de obtención del título |
2023 |
| Información miscelánea |
Maestría |
| 504 ## - NOTA DE BIBLIOGRAFÍA, ETC. |
| Nota de bibliografía, etc. |
Incluye bibliográfías |
| 520 3# - SUMARIO, ETC. |
| Sumario, etc. |
Las leches fermentadas (LFs) forman parte del grupo de alimentos funcionales ya que contienen microorganismos con potencial probiótico. El kéfir es una antigua bebida láctea a la cual se le atribuyen beneficios al ser consumido, v.g la reducción de síntomas asociados a la intolerancia de la lactosa y estimulación del sistema inmunológico. Se caracterizaron fisicoquímicamente, metagenómica y peptidómicamente cuatro leches fermentadas (LFA, LFB, LFC y LFD) con granos de kéfir. Los parámetros de acidez variaron de 3.76 a 3.82 %. Después de la fermentación (48 h), las BAL estuvieron presentes de 7.25 y 11.13 log10 UFC · mL-1 y las levaduras de 6.05 y 7.93 log10 UFC · mL-1. Así mismo, se estudió la microbiota de LFA y LFD mediante la técnica de secuenciación metagenómica shotgun, la cual reveló 77 géneros de microorganismos, donde los más representativos fueron Acetobacter (73.8 %), Lactobacillus (19.6 %), Lentilactobacillus (3.9 %), Lactococcus (0.76 %), de igual manera las especies con mayor abundancia fueron Lactobacillus kefiranofaciens, Acetobacter orientalis, Lactobacillus helvéticus, Staphylococcus aureus, Acetobacter syzygii, Acetobacter okinawensis, Lentilactobacillus kefiri y Lactococcus lactis. El perfil peptídico utilizando la técnica de cromatografía líquida acoplada a espectrometría de masas (LC-MS/MS) mostró la presencia de 3691 péptidos. Las principales actividades biológicas, determinadas in silico, fueron antinflamatoria, inhibidora de ACE, antibacterial, inhibidor de DPP – III y DPP – IV, antitrombótico, anticancerígeno y antioxidante. Igualmente se evaluó la actividad antioxidante in vitro con los ensayos ABTS y DPPH; LFB demostró mayor porcentaje de actividad inhibidora de radicales libres (55.45 %). Los resultados obtenidos demuestran que, a las 48 de fermentación, los microorganismos presentes en la leche fermentadas liberan péptidos con actividad biológica. -- |
| 520 3# - SUMARIO, ETC. |
| Sumario, etc. |
Fermented milks (LFs) are part of the group of functional foods since they contain microorganisms with probiotic potential. Kefir is an ancient dairy drink to which benefits are attributed when consumed, e.g. the reduction of symptoms associated with lactose ntolerance and stimulation of the immune system. Four fermented milks (LFA, LFB, LFC and LFD) with kefir grains were characterized physiochemically, metagenomically and peptidomically. The acidity parameters varied from 3.76 to 3.82%. After fermentation (48 h), the BAL were present of 7.25 and 11.13 log10 CFU ·mL-1 and the yeasts of 6.05 and 7.93 log10 CFU · mL-1. Likewise, the microbiota of LFA and LFD was studied using the shotgun metagenomic sequencing technique, which revealed 77 genera of microorganisms, where the most representative were Acetobacter (73.8%), Lactobacillus (19.6%), Lentilactobacillus (3.9%), Lactococcus (0.76%), likewise the species with the highest abundance were Lactobacillus kefiranofaciens, Acetobacter orientalis, Lactobacillus helveticus, Staphylococcus aureus, Acetobacter syzygii, Acetobacter okinawensis, Lentilactobacillus kefiri and Lactococcus lactis. The peptide profile by the liquid chromatography coupled to mass spectrometry (LC-MS/MS) technique showed the presence of 3691 peptides. The main biological activities, determined in silico, were antiinflammatory, ACE inhibitor, antibacterial, DPP–III and DPP–IV inhibitor, antithrombotic, anticancer and antioxidant). The antioxidant activity was also evaluated in vitro with the ABTS and DPPH tests; LFB showed a higher percentage of free radical inhibitory activity (55.45%). The results obtained show that, at 48 of fermentation, the microorganisms present in fermented milk release peptides with biological activity. |
| 650 13 - PUNTO DE ACCESO ADICIONAL DE MATERIA--TÉRMINO DE MATERIA |
| Término de materia o nombre geográfico como elemento de entrada |
Leche fermentada |
| Fuente del encabezamiento o término |
atg |
| 9 (RLIN) |
149764 |
| Subdivisión general |
Evaluación sensorial de los alimentos |
| 650 13 - PUNTO DE ACCESO ADICIONAL DE MATERIA--TÉRMINO DE MATERIA |
| Término de materia o nombre geográfico como elemento de entrada |
Kefir |
| Fuente del encabezamiento o término |
atg |
| 9 (RLIN) |
62897 |
| Subdivisión general |
Evaluación sensorial de los alimentos |
| 650 13 - PUNTO DE ACCESO ADICIONAL DE MATERIA--TÉRMINO DE MATERIA |
| Término de materia o nombre geográfico como elemento de entrada |
Fermented milk |
| Fuente del encabezamiento o término |
atg |
| 9 (RLIN) |
149762 |
| Subdivisión general |
Sensory evaluation |
| 650 13 - PUNTO DE ACCESO ADICIONAL DE MATERIA--TÉRMINO DE MATERIA |
| Término de materia o nombre geográfico como elemento de entrada |
Kefir |
| Fuente del encabezamiento o término |
atg |
| 9 (RLIN) |
62897 |
| Subdivisión general |
Sensory evaluation |
| 700 1# - PUNTO DE ACCESO ADICIONAL--NOMBRE DE PERSONA |
| Nombre de persona |
Lobato Calleros, Consuelo Silvia Olivia |
| 9 (RLIN) |
151494 |
| Término indicativo de función/relación |
directora |
| 700 1# - PUNTO DE ACCESO ADICIONAL--NOMBRE DE PERSONA |
| Nombre de persona |
Hernández Rodríguez, Landy |
| 9 (RLIN) |
54548 |
| Término indicativo de función/relación |
asesora |
| 700 1# - PUNTO DE ACCESO ADICIONAL--NOMBRE DE PERSONA |
| Nombre de persona |
Aguirre Mandujano, Eleazar |
| 9 (RLIN) |
3008 |
| Término indicativo de función/relación |
asesor |
| 856 40 - LOCALIZACIÓN Y ACCESO ELECTRÓNICOS |
| Texto de enlace |
DESCARGAR PDF |
| Identificador Uniforme del Recurso |
http://10.13.5.2/tesis/tm/ORTIZ_TRAPALA_KARLA.pdf |
| 942 ## - ELEMENTOS DE PUNTO DE ACCESO ADICIONAL (KOHA) |
| Fuente del sistema de clasificación o colocación |
Clasificación Universidad Autónoma Chapingo |
| Tipo de ítem Koha |
Tesis digital |